Managing with Market-Type Mechanisms
Enregistré dans:
| Format: | Livre |
|---|---|
| Langue: | anglais |
| Publié: |
Paris
OECD
1993
|
| Collection: | Public Management Studies
|
| Sujets: | |
| Tags: |
Pas de tags, Soyez le premier à ajouter un tag!
|
MARC
| LEADER | 00000nam a2200000 4500 | ||
|---|---|---|---|
| 001 | c005141 | ||
| 005 | 20240422074350.3 | ||
| 020 | |a 92-64-14010-7 | ||
| 041 | 0 | |a eng | |
| 044 | |a FR | ||
| 245 | 1 | 0 | |a Managing with Market-Type Mechanisms |
| 264 | 1 | |a Paris |b OECD |c 1993 | |
| 300 | |a 108 s. | ||
| 490 | 1 | |a Public Management Studies | |
| 830 | 0 | |a Public Management Studies | |
| 610 | 2 | 0 | |a manažment |
| 610 | 2 | 0 | |a sektor verejný |
| 610 | 2 | 0 | |a mechanizmus trhový |
| 610 | 2 | 0 | |a služby informačné |
| 610 | 2 | 0 | |a kontrakty |
| 610 | 2 | 0 | |a bývanie |
| 610 | 2 | 0 | |a trh |
| 610 | 2 | 0 | |a rybárstvo |
| 610 | 2 | 0 | |a kvóty |
| 610 | 2 | 0 | |a trh vnútorný |
| 610 | 2 | 0 | |a nemocnice |